Fatigue resistance of silica-filled natural rubber vulcanizates: Comparative study of the effect of phosphorylated cardanol prepolymer and a silane coupling agent (Record no. 45534)

MARC details
000 -LEADER
fixed length control field 00644nam a2200205Ia 4500
100 ## - MAIN ENTRY--AUTHOR NAME
Personal name Menon A R R
245 #0 - TITLE STATEMENT
Title Fatigue resistance of silica-filled natural rubber vulcanizates: Comparative study of the effect of phosphorylated cardanol prepolymer and a silane coupling agent
260 ## - PUBLICATION, DISTRIBUTION, ETC. (IMPRINT)
Name of publisher Polymer International
Year of publication 2005
300 ## - PHYSICAL DESCRIPTION
Number of Pages 629-635
650 ## - SUBJECT ADDED ENTRY--TOPICAL TERM
Topical Term Coupling agent
650 ## - SUBJECT ADDED ENTRY--TOPICAL TERM
Topical Term Dispersion
650 ## - SUBJECT ADDED ENTRY--TOPICAL TERM
Topical Term Fatigue resistance
650 ## - SUBJECT ADDED ENTRY--TOPICAL TERM
Topical Term Phosphorylated cardanol prepolymer
650 ## - SUBJECT ADDED ENTRY--TOPICAL TERM
Topical Term Silica
700 ## - ADDED ENTRY--PERSONAL NAME
Personal name Jin W S
700 ## - ADDED ENTRY--PERSONAL NAME
Personal name Nah C
700 ## - ADDED ENTRY--PERSONAL NAME
Personal name Pillai C K S
942 ## - ADDED ENTRY ELEMENTS (KOHA)
Koha item type Reprints
Holdings
Withdrawn status Lost status Damaged status Not for loan Home library Current library Shelving location Date acquired Serial Enumeration / chronology Accession Number Koha item type
      Reprints RRII Library RRII Library Rubber chemistry 22/12/2021 Volume 54, Issue P01528 Reprints